000 00649cam a22002531 4500
001 sa 65009622
003 DLC
005 20260227112203.0
008 940808s1964 ii a 000 0 pano
010 _asa 65009622
025 _aPL480:I-Pu-525
035 _a(OCoLC)30906290
040 _aDLC
_cCU
_dCU
_dDLC
042 _apremarc
050 0 0 _aSF488.I5
_bS5
100 1 _aSingh, Ram Parkash.
245 1 0 _aModern poultry.
_cBy Ram Parkash Singh, C. S. Talib [and] Vijay Sethi.
260 _c1964.
300 _a195 p.
_bill.
_c24 cm.
500 _aIn Panjabi.
650 0 _aPoultry.
700 1 _aTalib, C. S.
700 1 _aSethi, Vijay.
999 _c66311
_d66311